000 00773nmm a2200241 a 4500
001 ocm000782540
003 TR-IsHL
005 20201028152736.0
008 150709s2012 tu tur
007 cr cn
035 _a782540
_b(N$T)
050 0 4 _aPL230
_b.S48 2012
090 0 4 _aPL230
_b.S48 2012
245 1 0 _aSevimli Dinazor'dan sevimli masallar
_h[electronic resource]
260 _aİstanbul :
_bBirleşik Yayın Grubu,
_c2012
300 _a5 p.
650 4 _aDil ve Edebiyat
650 4 _aLanguage and Literature
650 0 _aÇocuk edebiyatı
650 0 _aChildren literature
650 7 _aLITERARY CRITICISM / Children's Literature
_2bisacsh
856 4 0 _uhttp://search.ebscohost.com/login.aspx?direct=true&scope=site&db=e011xww&AN=782540
999 _c11686
_d11686